| 000 | 02182nam a22003857i 4500 | ||
|---|---|---|---|
| 003 | EG-ScBUE | ||
| 005 | 20260510114521.0 | ||
| 008 | 110905s1983 ua|a frbd 000 0aara | ||
| 017 | _a84 / 1650 | ||
| 020 | _a0.070192766 | ||
| 040 |
_aEG-ScBUE _bara _erda _cEG-ScBUE _dEG-ScBUE |
||
| 041 | 1 |
_aara _heng |
|
| 082 | 0 | 4 |
_a576.5 _bإ ر م _222 |
| 100 | 1 |
_926998 _aإرمان ، لي، _eمؤلف. |
|
| 240 | 1 |
_aBehaviour genetics and evolution. _lArabic |
|
| 245 | 1 | 0 |
_aوراثة وتطور السلوك / _bتأليف لي. إرمان، جامعة ولاية نيويورك، بيرشاز، بيتر ا. بارسونز، جامعة لاتروب، بندورا، أستراليا ؛ ترجمة دكتور / أحمد شوقي حسن، أستاذ الوراثة المساعد، كلية الزراعة، جامعة الزقازيق، دكتور / رمزي علي العدوي، أستاذ الوراثة المساعد، كلية الزراعة، جامعة عين شمس ؛ مراجعة الأستاذ الدكتور / السيد حسن حسنين، أستاذ الوراثة وعميد كلية الزراعة، جامعة عين شمس. |
| 264 | 1 |
_aالقاهرة : _bالمكتبة الأكاديمية، _c1983. |
|
| 300 |
_a525، 11 صفحة : _bإيضاحيات ؛ _c24 سم |
||
| 336 |
_2rdacontent _aنص _btxt |
||
| 337 |
_aبدون وسيط _2rdamedia _bn |
||
| 338 |
_aمجلد _bnc _2rdacarrier |
||
| 500 | _aيشتمل على قائمة بالمصطلحات. | ||
| 504 | _aيشتمل على إرجاعات ببليوجرافية. | ||
| 546 | _aالنص باللغة الإنجليزية ؛ وقد تم ترجمته إلى العربية. | ||
| 650 | 7 |
_916693 _aالوراثة. _2BUEsh |
|
| 650 | 7 |
_927018 _aالأمراض الوراثية. _2BUEsh |
|
| 650 | 7 |
_927019 _aالعوامل المؤثرة في الوراثة. _2BUEsh |
|
| 653 | _cSeptember2011 | ||
| 655 | _vReading book | ||
| 700 | 1 |
_aبارسونز، بيتر ا.، _eمؤلف. |
|
| 700 | 1 |
_927000 _aحسن، أحمد شوقي، _eمترجم. |
|
| 700 | 1 |
_927001 _aالعدوي، رمزى علي، _eمترجم. |
|
| 700 | 1 |
_927002 _aحسنين، السيد حسن، _eمراجع. |
|
| 942 |
_2ddc _cBB |
||
| 999 |
_c15954 _d15954 |
||